Pastoral de los tiempos Nuevos
Kaydedildi:
| Yazar: | |
|---|---|
| Materyal Türü: | Kitap |
| Dil: | İspanyolca |
| Baskı/Yayın Bilgisi: |
Bilbao
Ediciones Paulinas
1962
|
| Edisyon: | 1a. ed |
| Konular: | |
| Etiketler: |
Etiketle
Etiket eklenmemiş, İlk siz ekleyin!
|
MARC
| LEADER | 00000cam a2200000 a 4500 | ||
|---|---|---|---|
| 001 | UCD0634 | ||
| 003 | CL-VaPUC | ||
| 008 | 151204e19620000sp |||||||||||||||||spa|d | ||
| 082 | 0 | 4 | |a 268.4 |b SCH |2 21 |
| 100 | 0 | |a Schurr, Viktor |e author |9 583597 | |
| 245 | 1 | 0 | |a Pastoral de los tiempos Nuevos |
| 250 | |a 1a. ed | ||
| 300 | |a 555 p | ||
| 942 | |c BK | ||
| 945 | |d 20151204 12:43:00 |a gsalatino | ||
| 260 | |a Bilbao |b Ediciones Paulinas |c 1962 | ||
| 650 | 7 | |a PASTORAL SOCIAL |2 CL-VaPUC |9 399597 | |
| 650 | 7 | |a EVANGELIZACION |2 CL-VaPUC |9 583598 | |
| 650 | 0 | |a Teología |9 258766 | |
| 583 | |a last modification |c 20151204 12:43:00 |k Rodrigo Vera | ||
| 999 | |c 362097 |d 362095 | ||
| 952 | |0 0 |1 0 |3 erd |4 0 |6 268_400000000000000_SCH_1962 |7 0 |8 P |9 472969 |a BIBTEO |b BIBTES |c TEO_FTES |i 527253K |l 1 |o 268.4 SCH 1962 |p 527253K |r 2024-01-18 |s 2022-06-15 |w 2019-11-24 |y BK |z Catalogado en:20151204 |k ICR | ||